Tablas geográficas políticas del reyno de Nueva España (Record no. 46)

MARC details
000 -CABECERA
campo de control de longitud fija 01205nam a2200277 a 4500
001 - NÚMERO DE CONTROL
campo de control BRCA_46
005 - FECHA Y HORA DE LA ÚLTIMA TRANSACCIÓN
campo de control 20190320202847.0
008 - DATOS DE LONGITUD FIJA--INFORMACIÓN GENERAL
campo de control de longitud fija 981104s2003----mx-a#####c---#000-0#spa-d
020 ## - NÚMERO INTERNACIONAL ESTÁNDAR DEL LIBRO
Número Internacional Estándar del Libro 9682324564
041 ## - CÓDIGO DE LENGUA
Código de lengua del texto/banda sonora o título independiente spa
044 ## - CÓDIGO DEL PAÍS DE LA ENTIDAD EDITORA/PRODUCTORA
Código MARC del país mx
050 #4 - SIGNATURA TOPOGRÁFICA DE LA BIBLIOTECA DEL CONGRESO
Número de clasificación HA765
Número de documento/Ítem .H96 2003
100 1# - ENTRADA PRINCIPAL--NOMBRE DE PERSONA
Nombre de persona Humboldt, Alexander von
Fechas asociadas al nombre 1769-1859
9 (RLIN) 207
245 10 - MENCIÓN DE TÍTULO
Título Tablas geográficas políticas del reyno de Nueva España
Mención de responsabilidad, etc. Alexander von Humboldt ; coordinadores Charles Minguet y Jaime Labastida ; asesor artístico Jean-Paul Duviols.
260 ## - PUBLICACIÓN, DISTRIBUCIÓN, ETC.
Lugar de publicación, distribución, etc. México
Nombre del editor, distribuidor, etc. Siglo XXI
Fecha de publicación, distribución, etc. 2003
300 ## - DESCRIPCIÓN FÍSICA
Extensión 335 p.
Otras características físicas il. (algunas a color)
Dimensiones 35 cm.
500 ## - NOTA GENERAL
Nota general Donado por el Dr. Jaime Labastida Ochoa representante de la Academia Mexicana de la Lengua, 19-diciembre-2018
501 ## - NOTA DE "CON"
Nota de “Con” Con: El destino de un manuscrito / Elías Trabulse. -- Correspondencia mexicana, 1803-1854. -- Diario de viaje (de Acapulco a Veracruz). -- Introducción a la pasigrafía geológica
651 #4 - PUNTO DE ACCESO ADICIONAL DE MATERIA--NOMBRE GEOGRÁFICO
Nombre geográfico México
Subdivisión general Historia
Subdivisión cronológica Colonia, 1540-1810
9 (RLIN) 208
651 #4 - PUNTO DE ACCESO ADICIONAL DE MATERIA--NOMBRE GEOGRÁFICO
Nombre geográfico México
Subdivisión general Descripción y viajes
9 (RLIN) 103
651 #4 - PUNTO DE ACCESO ADICIONAL DE MATERIA--NOMBRE GEOGRÁFICO
Nombre geográfico México
Subdivisión general Estadística
9 (RLIN) 209
700 1# - PUNTO DE ACCESO ADICIONAL--NOMBRE DE PERSONA
Nombre de persona Minguet, Charles
9 (RLIN) 210
700 1# - PUNTO DE ACCESO ADICIONAL--NOMBRE DE PERSONA
Nombre de persona Labastida, Jaime
9 (RLIN) 211
700 1# - PUNTO DE ACCESO ADICIONAL--NOMBRE DE PERSONA
Nombre de persona Duviols, Jean-Paul
9 (RLIN) 212
942 ## - ELEMENTOS DE PUNTO DE ACCESO ADICIONAL (KOHA)
Fuente del sistema de clasificación o colocación Library of Congress Classification
Tipo de ítem Koha Libros
Holdings
Estado de retiro Estado de pérdida Estado dañado No para préstamo Localización permanente Ubicación/localización actual Fecha de adquisición Total de préstamos Signatura topográfica completa Código de barras Fecha visto por última vez Precio válido a partir de Tipo de ítem Koha
El ejemplar forma parte de la colección y puede ser consultado según las políticas vigentes.       Biblioteca del Museo Franz Mayer (Rogerio Casas-Alatriste) Biblioteca del Museo Franz Mayer (Rogerio Casas-Alatriste) 25/06/2008   HA765 .H96 2003 00041_1 23/03/2019 23/03/2019 Libros